<?xml version="1.0" encoding="UTF-8"?>
<record
    xmlns:xsi="http://www.w3.org/2001/XMLSchema-instance"
    xsi:schemaLocation="http://www.loc.gov/MARC21/slim http://www.loc.gov/standards/marcxml/schema/MARC21slim.xsd"
    xmlns="http://www.loc.gov/MARC21/slim">

  <leader>01921njm a2200349Ia 4500</leader>
  <controlfield tag="001">E7117</controlfield>
  <controlfield tag="003">IT-RoPAU</controlfield>
  <controlfield tag="005">20220918181208.0</controlfield>
  <controlfield tag="008">131025s9999    xx            000 0 und d</controlfield>
  <datafield tag="040" ind1=" " ind2=" ">
    <subfield code="a">IT-RoPAU</subfield>
  </datafield>
  <datafield tag="040" ind1=" " ind2=" ">
    <subfield code="c">IT-RoPAU</subfield>
  </datafield>
  <datafield tag="999" ind1=" " ind2=" ">
    <subfield code="c">103606</subfield>
    <subfield code="d">103606</subfield>
  </datafield>
  <datafield tag="999" ind1=" " ind2=" ">
    <subfield code="b">n.d.</subfield>
  </datafield>
  <datafield tag="100" ind1=" " ind2=" ">
    <subfield code="a">AA.VV.</subfield>
    <subfield code="9">794</subfield>
  </datafield>
  <datafield tag="100" ind1=" " ind2=" ">
    <subfield code="e">Autore musica</subfield>
    <subfield code="9">31814</subfield>
  </datafield>
  <datafield tag="100" ind1=" " ind2=" ">
    <subfield code="g">Codice autore musica SPICS: 12000</subfield>
    <subfield code="9">796</subfield>
  </datafield>
  <datafield tag="245" ind1=" " ind2=" ">
    <subfield code="a">Baroque Music-Concerti grossi (Torelli, Sammartini, Petz, Corelli)</subfield>
  </datafield>
  <datafield tag="250" ind1=" " ind2=" ">
    <subfield code="a">1a ed.</subfield>
  </datafield>
  <datafield tag="260" ind1=" " ind2=" ">
    <subfield code="a">ITALIA</subfield>
  </datafield>
  <datafield tag="260" ind1=" " ind2=" ">
    <subfield code="b">RICCI MUSIC PRODUCTIONS</subfield>
    <subfield code="c">1997 [1a Ed.:1995 - Ed. Lingua Orig.: 1995]</subfield>
  </datafield>
  <datafield tag="300" ind1=" " ind2=" ">
    <subfield code="a">COMPACT DISC</subfield>
  </datafield>
  <datafield tag="300" ind1=" " ind2=" ">
    <subfield code="c">15 minuti (Testo:  pag.)</subfield>
  </datafield>
  <datafield tag="500" ind1=" " ind2=" ">
    <subfield code="a">Musica barocca.</subfield>
  </datafield>
  <datafield tag="505" ind1=" " ind2=" ">
    <subfield code="a">Concerto grosso op. 6, n. 8 fatto per la notte di Natale [(1714) (15:00)] - Concerto a quattro in sol minore op. 8, n. 6 in forma di pastorale [(1709) (6:00] - Concerto grosso di Natale in sol minore, op. 5, n. 6 [(1747) (16:00)] - Concerto pastorale in fa maggiore per due flauti diritti ed archi (18:00)</subfield>
  </datafield>
  <datafield tag="511" ind1=" " ind2=" ">
    <subfield code="a">Direttore d'orchestra: Lucarelli Stefano</subfield>
  </datafield>
  <datafield tag="650" ind1=" " ind2=" ">
    <subfield code="a">SINFONICA [COMPACT DISC]</subfield>
    <subfield code="e">Codice MATERIA SPICS: 9949</subfield>
    <subfield code="9">16800</subfield>
  </datafield>
  <datafield tag="700" ind1=" " ind2=" ">
    <subfield code="a">Piccola Sinfonica di Milano (La) </subfield>
    <subfield code="g">Codice interprete SPICS: 49163</subfield>
    <subfield code="e">Interprete</subfield>
    <subfield code="9">31815</subfield>
  </datafield>
  <datafield tag="700" ind1=" " ind2=" ">
    <subfield code="a">Corelli Arcangelo</subfield>
    <subfield code="g">Codice autore musica SPICS: 7993</subfield>
    <subfield code="e">Autore musica</subfield>
    <subfield code="p">Concerto grosso op. 6, n. 8 fatto per la notte di Natale (1714)</subfield>
    <subfield code="9">31816</subfield>
  </datafield>
  <datafield tag="700" ind1=" " ind2=" ">
    <subfield code="a">Torelli Giuseppe</subfield>
    <subfield code="g">Codice autore testo/musica SPICS: 9947</subfield>
    <subfield code="e">Autore testo/musica</subfield>
    <subfield code="p">Concerto a quattro in sol minore op. 8, n. 6 in forma di pastorale (1709)</subfield>
    <subfield code="9">31817</subfield>
  </datafield>
  <datafield tag="700" ind1=" " ind2=" ">
    <subfield code="a">Sammartini Giovanni Battista</subfield>
    <subfield code="g">Codice autore musica SPICS: 13087</subfield>
    <subfield code="e">Autore musica</subfield>
    <subfield code="p">Concerto grosso di Natale in sol minore, op. 5, n. 6 (1747)</subfield>
    <subfield code="9">31818</subfield>
  </datafield>
  <datafield tag="700" ind1=" " ind2=" ">
    <subfield code="a">Petz Johann Christoph</subfield>
    <subfield code="g">Codice autore musica SPICS: 49168</subfield>
    <subfield code="e">Autore musica</subfield>
    <subfield code="p">Concerto pastorale in fa maggiore per due flauti diritti ed archi</subfield>
    <subfield code="9">31819</subfield>
  </datafield>
  <datafield tag="942" ind1=" " ind2=" ">
    <subfield code="c">CD</subfield>
    <subfield code="2">ddc</subfield>
  </datafield>
  <datafield tag="952" ind1=" " ind2=" ">
    <subfield code="0">0</subfield>
    <subfield code="1">0</subfield>
    <subfield code="4">0</subfield>
    <subfield code="6">E_7117_000000000000000</subfield>
    <subfield code="7">1</subfield>
    <subfield code="a">SPICS</subfield>
    <subfield code="b">SPICS</subfield>
    <subfield code="d">2013-10-25</subfield>
    <subfield code="l">0</subfield>
    <subfield code="o">E7117</subfield>
    <subfield code="r">2013-10-25 00:00:00</subfield>
    <subfield code="w">2013-10-25</subfield>
    <subfield code="y">CD</subfield>
    <subfield code="z">Progr. Ins.: 1034 / N.Vol.: n.d. / Copie: 1 - Copia rara: n.d. / date import: 01.01.2014 - By Epidotti, Trombetti, Vaglietti</subfield>
  </datafield>
</record>
